| 000 | 04034cam a22013094i 4500 | ||
|---|---|---|---|
| 003 | PE-LiUPU | ||
| 005 | 20250813185636.0 | ||
| 008 | 131111s2006 sp a r 000 spa | ||
| 020 | _a9788436820669 | ||
| 020 | _a8436820665 | ||
| 035 | _a(Sirsi) i84368 | ||
| 035 | _a(Sirsi) 51957 | ||
| 035 | _a(Sirsi) 51957 | ||
| 040 |
_dPE-LiUPU _erda |
||
| 082 | 0 | 4 |
_a371.32 _bA23 |
| 100 | 1 |
_aAdell, Marc Antoni, _eautor. |
|
| 245 | 1 | 0 |
_aEstrategias para mejorar el rendimiento académico de los adolescentes / _cMarc Antoni Adell. |
| 250 | _aSegunda edición. | ||
| 264 | 1 |
_aMadrid : _bPirámide, _c2006. |
|
| 300 |
_a282 páginas : _bilustraciones ; _c24 centímetros. |
||
| 336 |
_atext _btxt _2rdacontent |
||
| 337 |
_aunmediated _bn _2rdamedia |
||
| 338 |
_avolume _bnc _2rdacarrier |
||
| 490 | 0 | _aPsicología, sección Pedagogía | |
| 505 | 0 | _aIntroducción. ¿Fracaso del alumno o fracaso del sistema? -- A la búsqueda de mejores resultados -- La predicción del rendimiento desde las variables del ámbito personal -- La predicción del rendimiento desde las variables del ámbito familiar -- La predicción del rendimiento desde las variables del ámbito escolar -- La predicción del rendimiento desde las variables del ámbito comportamental -- La predicción del rendimiento desde el ámbito vital integrado -- Apéndice -- Consideraciones finales. | |
| 526 | _aP202 | ||
| 526 | _aP201 | ||
| 526 | _aP163 | ||
| 526 | _aP162 | ||
| 526 | _aP161 | ||
| 526 | _aP160 | ||
| 526 | _aP148 | ||
| 526 | _aP147 | ||
| 526 | _aP146 | ||
| 526 | _aP145 | ||
| 526 | _aP144 | ||
| 526 | _aP143 | ||
| 526 | _aP142 | ||
| 526 | _aP141 | ||
| 526 | _aP140 | ||
| 526 | _aP139 | ||
| 526 | _aP138 | ||
| 526 | _aP137 | ||
| 526 | _aP136 | ||
| 526 | _aP135 | ||
| 526 | _aP134 | ||
| 526 | _aP133 | ||
| 526 | _aP129 | ||
| 526 | _aP128 | ||
| 526 | _aP127 | ||
| 526 | _aP120 | ||
| 526 | _aP119 | ||
| 526 | _aP118 | ||
| 526 | _aP116 | ||
| 526 | _aP115 | ||
| 526 | _aP114 | ||
| 526 | _aP110 | ||
| 526 | _aP109 | ||
| 526 | _aP108 | ||
| 526 | _aP104 | ||
| 526 | _aP103 | ||
| 526 | _aP102 | ||
| 526 | _aP99 | ||
| 526 | _aP98 | ||
| 526 | _aP97 | ||
| 526 | _aP96 | ||
| 526 | _aP95 | ||
| 526 | _aP93 | ||
| 526 | _aP90 | ||
| 526 | _aP89 | ||
| 526 | _aP88 | ||
| 526 | _aP83 | ||
| 526 | _aP82 | ||
| 526 | _aP62 | ||
| 526 | _aP59 | ||
| 526 | _aP58 | ||
| 526 | _aP57 | ||
| 526 | _aP51 | ||
| 526 | _aP49 | ||
| 526 | _aP48 | ||
| 526 | _aP47 | ||
| 526 | _aP29 | ||
| 526 | _aP24 | ||
| 526 | _aP20 | ||
| 526 | _aP19 | ||
| 526 | _aP17 | ||
| 526 | _aP15 | ||
| 526 | _aP14 | ||
| 526 | _aP12 | ||
| 526 | _aP10 | ||
| 526 | _aP09 | ||
| 526 | _aP08 | ||
| 526 | _aP07 | ||
| 526 | _aP06 | ||
| 526 | _aP05 | ||
| 526 | _aP04 | ||
| 526 | _aP01 | ||
| 650 | 1 | 4 | _aRendimiento académico. |
| 650 | 1 | 4 |
_aAdolescentes _xEducación. |
| 910 |
_agl _b _clch _d20130210 |
||
| 910 |
_adbm _bncf _cncf _d20190416 |
||
| 942 |
_2ddc _cBOOK |
||
| 949 |
_a371.32 A23 _i69332 _lCCODEBUL1 _mBUL _tLIBRO _o.STAFF. Colección Ciencias de la Salud |
||
| 949 |
_a371.32 A23 _i69333 _lCCODEBUL1 _mBUL _tLIBRO _o.STAFF. Colección Ciencias de la Salud |
||
| 949 |
_a371.32 A23 _i69334 _lCCODEBUL1 _mBUL _tLIBRO _o.STAFF. Colección Ciencias de la Salud |
||
| 994 |
_aC0 _bPEPRU |
||
| 596 | _a1 | ||
| 999 |
_a371.32 A23 _wDEWEY _c56252 _i69332 _d56252 _f2021-11-8 _g5 _lCCODEBUL1 _mBUL _p48.00 _q1 _r0 _sY _tBOOK _u2015-7-6 _xEDUCACION _PP33 _0COMPRA _o.STAFF. Colección Ciencias de la Salud |
||
| 999 |
_a371.32 A23 _wDEWEY _c2 _i69333 _d2019-4-16 _f2021-11-8 _g5 _lCCODEBUL1 _mBUL _p48.00 _q1 _r0 _sY _tBOOK _u2015-7-6 _xEDUCACION _PP33 _0COMPRA _o.STAFF. Colección Ciencias de la Salud |
||
| 999 |
_a371.32 A23 _wDEWEY _c3 _i69334 _d2019-4-16 _f2021-11-8 _g5 _lCCODEBUL1 _mBUL _p48.00 _q1 _r0 _sY _tBOOK _u2015-7-6 _xEDUCACION _PP33 _0COMPRA _o.STAFF. Colección Ciencias de la Salud |
||
| 980 |
_81 _gALBERTO SANCHEZ Responsable de Automatización |
||